00344 a2200109 4500020001500000082002000015100002100035245006500056260004200121300003100163650004000194 a0470841990 a620.1123015 MUN aMunjiza, Antonio aThe Combined finite Discrete Element MethodcAntonio Munjiza aEngland :bJohn Wiley and Sons,c2004 ax, 333p. :bill . ;c29 cm aDeformations -- Mathematical models